LEADER 00803nam0-22002891i-450- 001 990006938650403321 005 20051104135145.0 010 $a2-262-01181-8 035 $a000693865 035 $aFED01000693865 035 $a(Aleph)000693865FED01 035 $a000693865 100 $a20010724d2000----km-y0itay50------ba 101 0 $afre 105 $af-------001yy 200 1 $a<>monde d'Homère$fPierre Vidal-Naquet 210 $a[Paris]$cPerrin$dc2000 215 $a161 p., [12] c. di tav.$d22 cm 676 $a938.01$v21$zita 700 1$aVidal-Naquet,$bPierre$f<1930-2006>$025203 801 0$aIT$bUNINA$gRICA$2UNIMARC 901 $aBK 912 $a990006938650403321 952 $a938.01 VID 1$bBibl. 39975$fFLFBC 959 $aFLFBC 996 $aMonde d'Homère$949723 997 $aUNINA